Proceeding ...Nineteeth National Potato Utilization Conference

Enregistré dans:
Détails bibliographiques
Format: Livre
Langue:Undetermined
Publié: USA Agricultural Research service - United States Department of Agriculture 1969
Sujets:
Tags: Ajouter un tag
Pas de tags, Soyez le premier à ajouter un tag!
Thư viện lưu trữ: Trung tâm Học liệu Trường Đại học Cần Thơ
LEADER 00502nam a2200157Ia 4500
001 CTU_23610
008 210402s9999 xx 000 0 und d
082 |a 635.21 
082 |b N714 
245 0 |a Proceeding ...Nineteeth National Potato Utilization Conference 
260 |a USA 
260 |b Agricultural Research service - United States Department of Agriculture 
260 |c 1969 
650 |a vegetables, canned 
904 |i Sáng, 980427 
980 |a Trung tâm Học liệu Trường Đại học Cần Thơ